Quizzes
Events
Quiz Creation
Community
Videos
Private Events
Remove Ads
Sign In
Join for FREE
Feedback
Dark Mode
Quiz Categories
Sports
Geography
Music
Movies
Television
Just For Fun
Miscellaneous
History
Literature
Language
Science
Gaming
Entertainment
Religion
Holiday
For Kids
Quiz Lab
Recent
Popular Today
Quiz Kudos Today
Editor Picks
Curator Picks
Quizzes by...
Day
Popularity
Type
Ratings
Length
Year
Community
Subscriptions
Recent Discussions
Orange Saloon
Badges
Playlists
Quests
Create
Leaderboards
Showdown
Live 5
Trivia Bingo
Activity
Puzzle Library
Sporcle Events
Private Events
Virtual Trivia
Globe League
Become a Host
Pub Owners
SporcleCon
Opinionation
Our Games
Videos
Blog
Mobile Apps
Partnerships
Remove Ads and Go Orange
Feedback
Entertainment
Celebrity
Famous
Musical
Broadway
Show
Quote
Comic Books
Anime
Superhero
DC Comics
Marvel
Cartoons
Animation
Entertainment
Celebrity
Famous
Musical
Broadway
Show
Quote
Comic Books
Anime
Superhero
DC Comics
Marvel
Cartoons
Animation
Random Quiz
Search Sporcle
×
Quiz Lab
Quiz Lab
Entertainment
group
Type answers based on single images at one time
Type answers based on single images at one time
Slideshow
Best Score? Go Orange.
Name The Group and The Member Stats
Can you name the group and the member ?
By
shafahh
15m
67 Questions
48 Plays
48 Plays
48 Plays
Comments
Comments
Give Quiz Kudos
Give Quiz Kudos
-
- Ratings
hide this ad
Replay
Link that replays current quiz
Next Quiz
Link to next quiz in quiz playlist
You Got
0%
They Got
Avg Score
53%
Avg Friend Score
Upgrade to see
Score Distribution
Jump to the score distribution portion of the page
Score
0/67
Timer
15:00
0
Plays Today
% Correct
bts
100%
rapmon
93.8%
suga
89.6%
jimin
87.5%
jhope
85.4%
jungkook
85.4%
jin
79.2%
exo
77.1%
bigbang
77.1%
top
72.9%
kai
70.8%
gdragon
70.8%
v
68.8%
d.o
68.8%
sehun
68.8%
lay
68.8%
twice
68.8%
suho
66.7%
chen
66.7%
chanyeol
66.7%
baekhyun
64.6%
xiumin
64.6%
taeyang
64.6%
daesung
64.6%
seungri
64.6%
momo
58.3%
gfriend
56.3%
got7
56.3%
mina
54.2%
sana
52.1%
jackson
52.1%
jihyo
50%
tzuyu
50%
dahyun
50%
% Correct
chaeyoung
50%
mamamoo
50%
mark
50%
bambam
50%
nayeon
47.9%
jb
47.9%
jeongyeon
45.8%
hwasa
43.8%
moonbyul
43.8%
sinb
41.7%
jinyoung
41.7%
youngjae
41.7%
solar
39.6%
yugyeom
39.6%
sowon
37.5%
umji
37.5%
eunha
37.5%
wheein
37.5%
yerin
35.4%
apink
35.4%
yuju
33.3%
b1a4
31.3%
jinyoung
31.3%
sandeul
31.3%
baro
31.3%
cnu
31.3%
bomi
31.3%
gongchan
29.2%
naeun
27.1%
chorong
25%
eunji
25%
hayoung
22.9%
namjoo
22.9%
Quiz Playlist
Details
Report
Send in Message
Add To Playlist
Slideshow:
Type answers based on single images at one time
Last Updated: Sep 30, 2018
Quiz Scoreboard
CHALLENGE
Sign Up to Join the Scoreboard
Show All
Scores
Hide
Comments
May contain spoilers
Recently Published
Street Fighter Characters
by Artimus82
Gaming
60s
9x9 Crossword: Cartoon Network
by jackfrog10
Miscellaneous
3m
College Basketball Coaching Resumes
by pancakes188
Sports
9m
More to Explore
Quiz From the Vault
Featured Blog Post
Where Did the Easter Bunny Come From?
hide this ad
You Might Also Like...
Tags
group
Today's Top Quizzes in Entertainment
Browse Entertainment
hide this ad
Today's Top Quizzes in group
Browse group
Top Contributed Quizzes in Entertainment
1
7-to-1: DC Comics Villains
2
Marvel Characters Bunker
3
Eurovision 2023 Logic Puzzle
4
Dragon Ball Z: Goku's Fights in Order
5
Sorting Pictures: Villains
6
Criteria Quickie: Cartoon Taxonomy II
7
7-to-1: One Piece
8
Mini Trivia Sudoku: Musicals
9
Fictional Villains Letter U Blitz
10
Kamen Rider Motifs
Explore More
Trending Topics
Disney
Kpop
Anime
Crossword
Marvel
NBA
Harry Potter
NFL
WWE
Pokémon
Country
The Office
Puzzle
Soccer
Song
hide this ad
More By:
shafahh
Quiz
Plays
Rating
Category
Featured
Created
Can You Name The Exo Members ?
4,657
4.67
Music
Jan 26, 2017
Can You Name The NCT Members ?
3,049
5.00
Music
Sep 29, 2018
Twice Members
1,346
Just For Fun
Jun 12, 2017
Can You Name The Wanna One Members ?
1,224
1.00
Just For Fun
Dec 25, 2017
Kpop Groups By Picture
767
4.44
Entertainment
Jan 15, 2017
Go to Creator's Profile
Score Distribution
Quiz Creator Spotlight
shafahh
Follow
Send a Message
Quizzes Created
-
Created Quiz Play Count
-
More By This Creator
Popular Quizzes Today
1
Find the US States - No Outlines Minefield
2
Find the Countries of Europe - No Outlines Minefield
3
The Countries of the World
4
Find the US States
5
Risky Map Clicking: Biggest States A-Z
6
US States
7
Popular People in 1961
8
Movies - When Are They Set?
More Entertainment Quizzes
Find the Chubby Cartoon Characters
Editor's Pick
Trending Quizzes
Risky Map Clicking: Least Populous States A-Z
1-10 Letter G Words
Risky Map Clicking: Next State Alphabetically
Adjectives in 80s TV Shows
The Seven Year Switch: Catherine
Recently Updated
Leaping Animals
pecheneg
Reality TV Shows (A-Z)
bhenderson79
Rickey Henderson's Hall of Fame Teammates
pecheneg
Champions League XIs: Arsenal
pecheneg
Quick Pick: Celebrities in WWE's Hall of Fame
aduchscher
A-Z Keypad Blitz II
pecheneg
Multiple Oscar Actors
pecheneg
Mystery Phrase Blitz: Oscar 'Best Actors'
pecheneg
F. Scott Fitzgerald Novels
LTH
Pick 3 Villains
ddd62291
Trending Topics
Crossword
NBA
Anime
Marvel
Harry Potter
Disney
Kpop
Pokémon
Puzzle
WWE
Song
Soccer
NFL
The Office
Country
Your Account Isn't Verified!
In order to create a playlist on Sporcle, you need to verify the email address you used during registration. Go to your
Sporcle Settings
to finish the process.
Report this User
Report this user for behavior that violates our
Community Guidelines
.
Details:
Send Report
Go to the Sporcle.com Mobile Site →
Comments